000 01101nam a2200337Ia 4500
003 OSt
005 20221007123129.0
006 a|||||r|||| 00| 0
007 ta
008 221006b |||||||| |||| 00| 0 eng d
020 _a9783319297323 (hbk)
024 _a199638
037 _b9022, 12/03/2019, The Book Seller
_cTextual
040 _aPAPL
_cPAPL
_beng
041 _2eng
_aeng
082 _aCN301, Q7 Carpa
100 _aMielke Eckehard W
_9716568
245 0 _aGeometrodynamics of gauge fields: On the geometry of yang-mills and gravitational gauge theories
250 _a2
260 _aSwitzerland
_bSpringer
_c2017
300 _axvii, 373p. ill.
_ccm.
490 _aMathematical physics studies
500 _aAppendix A-C 359-373p.
650 _a Chiral anomalies
_9716569
650 _a Color geometrodynamics
_9716570
650 _a Spinor bundles
_9716571
650 _a Teleparallelism
_9716572
650 _aPhysics
942 _hCN301, Q7 Carpa
_cTEXL
_2CC
999 _c1211412
_d1211412